A lelki élet. írta Komis Gyula. I. kötet. Budapest, 1917 ; a M. Tud.. Akadémia könyvkiadó-vállalata. 391 lap. [könyvismertetés] /

Elmentve itt :
Bibliográfiai részletek
Szerző: Rácz Lajos
További közreműködők: Komis Gyula
Dokumentumtípus: Cikk
Megjelent: 1918
Sorozat:Magyar pedagógia : a Magyar Tudományos Akadémia Pedagógiai Bizottságának folyóirata 27
Kulcsszavak:Pszichológia, Lélektan
Online Access:http://misc.bibl.u-szeged.hu/9937
LEADER 00779nab a2200193 i 4500
001 misc9937
005 20191106143359.0
008 170607s1918 hu o 0|| hun d
022 |a 0025-0260 
040 |a SZTE Miscellanea Repozitórium  |b hun 
041 |a hun 
100 1 |a Rácz Lajos 
245 1 2 |a A lelki élet. írta Komis Gyula. I. kötet. Budapest, 1917 ; a M. Tud.. Akadémia könyvkiadó-vállalata. 391 lap.   |h [elektronikus dokumentum] :  |b [könyvismertetés] /  |c  Rácz Lajos 
260 |c 1918 
300 |a 424-427 
490 0 |a Magyar pedagógia : a Magyar Tudományos Akadémia Pedagógiai Bizottságának folyóirata  |v 27 
695 |a Pszichológia, Lélektan 
700 0 1 |a Komis Gyula 
856 4 0 |u http://misc.bibl.u-szeged.hu/9937/1/mp_1918_2664_424-427.pdf  |z Dokumentum-elérés